| 000 | 00627nam a22001817a 4500 | ||
|---|---|---|---|
| 005 | 20160720111321.0 | ||
| 010 | _aENG-115444 | ||
| 020 |
_a9789385493119 _c175.00 |
||
| 035 | _aEN-98976 | ||
| 037 | _bDBAD/PUB | ||
| 082 | _a910 | ||
| 245 |
_aRathore world geography useful candidates appearing for entrance exams / _cedited by Kunwar Ishwar Singh Rathore |
||
| 260 |
_aNew Delhi _bRathore Publishers & Disrtibutors _c2016 |
||
| 270 |
_a202,2nd Floor,4832/24 Ansari Road Daryaganj _bNew Delhi _e110002 |
||
| 300 |
_a233p. _b24cm(pbk) |
||
| 700 | _aRathore,Kunwar Ishwar Singh | ||
| 942 |
_2ddc _cEN _mRAT _h910 |
||
| 999 |
_c101335 _d101335 |
||